000 00402nam a2200109Ia 4500
008 160909s9999 xx 000 0 und d
100 _aFjelstrom, Jo
245 _aSpirituality and atheist social work students: Contributions for curriculum content on spirituality
260 _bColorado State University.
_c2016
650 _aNursing
856 _uhttp://pqdtopen.proquest.com/doc/1805304422.html?FMT=ABS
999 _c303925
_d303925